[Event "Rubinstein mem"]
[Site "Polanica Zdroj"]
[Date "1983.??.??"]
[Round "9"]
[White "Lukov, Valentin"]
[Black "Stoica, Valentin"]
[Result "1-0"]
[WhiteElo "2465"]
[BlackElo "2440"]

1.e4 c5 2.Nf3 d6 3.d4 Nf6 4.Nc3 cxd4 5.Nxd4 a6 6.g3 e6 7.Bg2 Be7 8.O-O O-O
9.a4 Bd7 10.a5 Nc6 11.Nxc6 Bxc6 12.Be3 Rc8 13.Re1 Qe8 14.b3 Nd7 15.Bd4 Nc5
16.Qe2 Qd8 17.Red1 Qc7 18.Na2 Rfd8 19.Nb4 Be8 20.Qe3 Nd7 21.Qe1 Bf6 22.Bxf6 Nxf6
23.c4 Nd7 24.Qe3 Ne5 25.h3 Qc5 26.Qe1 h5 27.Nd3 Nxd3 28.Rxd3 Rb8 29.h4 Bc6
30.Qd2 Rd7 31.Rd1 Rbd8 32.Rd4 e5 33.Rd3 g6 34.Rc1 Kg7 35.Kh2 Qa7 36.f4 b5
37.axb6 Qxb6 38.f5 f6 39.fxg6 Kxg6 40.Rf1 Rf7 41.Qd1 Qc7 42.Rf5 Rh7 43.Bf3 Kg7
44.Bxh5 Rh6 45.Bf3 Bb7 46.Bg2 Kf7 47.Qd2 Kg7 48.Rf1 Rhh8 49.Rxf6  1-0

[Event "URS-FL"]
[Site "Tallinn"]
[Date "1983.??.??"]
[Round "?"]
[White "Kholmov, Ratmir D"]
[Black "Ubilava, Elizbar"]
[Result "1/2-1/2"]
[WhiteElo "2475"]
[BlackElo "2465"]

1.e4 c5 2.Nf3 d6 3.d4 cxd4 4.Nxd4 Nf6 5.Nc3 a6 6.g3 e5 7.Nde2 Be7 8.Bg2 O-O
9.O-O b5 10.a3 Bb7 11.h3 a5 12.Bg5 Bc6 13.Bxf6 Bxf6 14.Nd5 Na6 15.Nec3 Nc7
16.Qd3 Rb8 17.b4 Nxd5 18.Nxd5 Be7 19.Rfd1 Bxd5 20.Qxd5 Qc7 21.Ra2 Qc3 22.Rb1 h5
23.h4 Bd8 24.Bf1 Bb6 25.Kg2 axb4 26.Rxb4 Bc5 27.Rb3 Qa5 28.c3 Rb6 29.Qd3 Qa8
30.Qd5 Qxd5 31.exd5 Rfb8 32.Rab2 Ra8 33.Bxb5 Rxa3 34.Rxa3 Bxa3 35.Rb3 Bc5
36.Bc4 f5 37.Rxb6 Bxb6 38.Be2 g6 39.Bb5  1/2-1/2

[Event "DEN-ch"]
[Site "Tarnby"]
[Date "1983.??.??"]
[Round "9"]
[White "Norgaard, Jesper"]
[Black "Jakobsen, Ole"]
[Result "1/2-1/2"]
[WhiteElo "2260"]
[BlackElo "2445"]

1.e4 c5 2.Nf3 d6 3.d4 cxd4 4.Nxd4 Nf6 5.Nc3 a6 6.g3 e5 7.Nde2 Nbd7 8.Bg2 b5
9.Bg5 Be7 10.a4 b4 11.Bxf6 Nxf6 12.Nd5 Nxd5 13.Qxd5 Be6 14.Qc6+ Kf8 15.a5 g6
16.c3 b3 17.Nc1 Kg7 18.Nd3 Rc8 19.Qb6 Qxb6 20.axb6 Rb8 21.Nb4 Rxb6 22.O-O Ra8
23.Rfd1 a5 24.Nd5 Bxd5 25.Rxd5 a4 26.Ra3 Bg5 27.Rd1 Ra5 28.Rda1 f5 29.exf5 gxf5
30.Rxa4 Rxa4 31.Rxa4 Bc1 32.Rb4 Rxb4 33.cxb4 e4 34.Bf1 Bxb2 35.Bc4 Ba3 36.Bxb3 Bxb4
37.g4 Kf6 38.gxf5 Kxf5 39.Kf1 Ke5 40.Ke2 Bc5 41.Bg8 h6 42.f3 e3 43.h4 d5
44.h5 d4 45.Bh7 Kf4 46.Bd3 Kg5 47.Bg6 Bd6 48.Kd3 Kh4 49.Ke2 Bf4 50.Kd3  1/2-1/2

[Event "Varna"]
[Site "Varna"]
[Date "1983.??.??"]
[Round "7"]
[White "Kirov, Nino"]
[Black "Lukov, Valentin"]
[Result "1-0"]
[WhiteElo "2425"]
[BlackElo "2430"]

1.e4 c5 2.Nf3 d6 3.d4 cxd4 4.Nxd4 Nf6 5.Nc3 a6 6.g3 e5 7.Nde2 Be7 8.Bg2 Nbd7
9.a4 b6 10.h3 Bb7 11.g4 Nc5 12.Ng3 g6 13.Bh6 Bf8 14.Be3 Be7 15.O-O O-O 16.f4 exf4
17.Bxf4 b5 18.Bh6 Re8 19.axb5 axb5 20.Rxa8 Bxa8 21.b4 Ne6 22.Qf3 Kh8 23.Nd5 Nd7
24.Qxf7 Bh4 25.Ne2 Ne5 26.Qa7 Bxd5 27.exd5 Bg5 28.Bxg5 Nxg5 29.Nf4 Re7 30.Qd4 Qc7
31.h4 Nf7 32.Ne6 Qa7 33.g5 h6 34.c3 hxg5 35.hxg5 Qxd4+ 36.cxd4 Nd7 37.Ra1 Nb6
38.Ra5 Nc4 39.Rxb5 Ra7 40.Be4 Kh7  1-0

[Event "Lvov"]
[Site "Lvov"]
[Date "1984.??.??"]
[Round "6"]
[White "Horvath, Tamas"]
[Black "Tal, Mihail"]
[Result "0-1"]
[WhiteElo "2440"]
[BlackElo "2620"]

1.e4 c5 2.Nf3 d6 3.d4 cxd4 4.Nxd4 Nf6 5.Nc3 a6 6.g3 e6 7.Bg2 Be7 8.O-O Qc7
9.Re1 O-O 10.Be3 Nc6 11.Nxc6 bxc6 12.Na4 Rb8 13.c4 c5 14.b3 Bb7 15.Nc3 Rbd8
16.Rc1 Rfe8 17.h3 Nd7 18.f4 Nb8 19.g4 Nc6 20.g5 g6 21.Qd2 Bf8 22.Nd1 Bg7
23.Nf2 d5 24.cxd5 exd5 25.Bxc5 dxe4 26.Qe3 Qb8 27.Red1 Ne7 28.Bxe7 Rxe7 29.Ng4 Re6
30.Nh6+ Kf8 31.Qc5+ Ke8 32.f5 Rc6 33.Qb4 Rd4 34.Rxd4 Rxc1+ 35.Kf2 Bxd4+ 36.Qxd4 Qf4+
37.Ke2 Rc2+  0-1

[Event "Naleczow"]
[Site "Naleczow"]
[Date "1984.??.??"]
[Round "?"]
[White "Popovic, Petar"]
[Black "Yuferov, Sergey  N"]
[Result "1/2-1/2"]
[WhiteElo "2525"]
[BlackElo "2430"]

1.e4 c5 2.Nf3 d6 3.d4 cxd4 4.Nxd4 Nf6 5.Nc3 a6 6.g3 e5 7.Nb3 Be7 8.Bg2 O-O
9.O-O b5 10.a4 b4 11.Nd5 Nxd5 12.Qxd5 Ra7 13.Be3 Be6 14.Qd3 Ra8 15.a5 Nd7
16.Nd2 Qc7 17.Rfc1 Nc5 18.Qe2 Nd7 19.c3 bxc3 20.Rxc3 Qb7 21.Nc4 Rfb8 22.Rac1 Bd8
23.Nxd6 Qxb2 24.Qxb2 Rxb2 25.Ra1 Rab8 26.Bf1 Rb1 27.Rc1  1/2-1/2

[Event "New York op"]
[Site "New York"]
[Date "1984.??.??"]
[Round "5"]
[White "Kudrin, Sergey"]
[Black "Olafsson, Helgi"]
[Result "1/2-1/2"]
[WhiteElo "2520"]
[BlackElo "2445"]

1.e4 c5 2.Nf3 d6 3.d4 cxd4 4.Nxd4 Nf6 5.Nc3 a6 6.g3 e5 7.Nde2 Nbd7 8.Bg2 b5
9.h3 Bb7 10.g4 b4 11.Nd5 Nxd5 12.exd5 Be7 13.O-O O-O 14.a3 a5 15.Ng3 g6 16.f4 exf4
17.Bxf4 Bg5 18.Qd2 Bxf4 19.Rxf4 bxa3 20.Rxa3 Nc5 21.Qd4 Rb8 22.Kh2 Bc8 23.Qc3 a4
24.b4 axb3 25.cxb3 Qg5 26.Rc4 Bb7 27.b4 Nd7 28.Ne4 Qf4+  1/2-1/2

[Event "Novi Sad"]
[Site "Novi Sad"]
[Date "1984.??.??"]
[Round "?"]
[White "Popovic, Petar"]
[Black "Ftacnik, Lubomir"]
[Result "1-0"]
[WhiteElo "2525"]
[BlackElo "2595"]

1.e4 c5 2.Nf3 d6 3.d4 cxd4 4.Nxd4 Nf6 5.Nc3 a6 6.g3 e5 7.Nb3 Be7 8.Bg2 O-O
9.O-O Be6 10.a4 Nbd7 11.a5 Qc7 12.h3 h6 13.Re1 b5 14.axb6 Nxb6 15.Na5 Rfc8
16.Be3 Nc4 17.Nxc4 Bxc4 18.Qd2 Rab8 19.Reb1 a5 20.Qe1 Bd8 21.Bd2 Qd7 22.Kh2 Be6
23.b3 h5 24.Rc1 h4 25.g4 d5 26.exd5 Nxd5 27.Nxd5 Bxd5 28.Bxd5 Qxd5 29.Bxa5 Bg5
30.Rd1 Qf3 31.Rd3 Qf4+ 32.Kg2 Rxc2 33.Rf3 Qd4 34.Bc3 Qd5 35.Qxe5 Qxe5 36.Bxe5 Rb5
37.Bd4 f6 38.Ra4 Rc1 39.Ra1 Rc8 40.Rb1 Rd8 41.Bc3 Rdd5 42.b4 Kh7 43.Ra1 Rb7
44.Rf5 Rd3 45.Be1 Rb3 46.Rd1 Kg6 47.Rf3 R7xb4 48.Bxb4 Rxb4 49.Rd7 Rc4 50.Rfd3 Ra4
51.R7d4 Ra2 52.Rc4 Rb2 53.Rdc3 Bh6 54.Kf1 Rb1+ 55.Ke2 Rb2+ 56.Rc2 Rb3 57.R4c3 Rb1
58.Kf3 Rb4 59.Rc4 Rb3+ 60.Kg2 Ra3 61.Re4 Rb3 62.Rc5 Rb2 63.Rd5 Ra2 64.Rd1 Rb2
65.Rf1 Ra2 66.Rfe1 Rb2 67.R1e2 Rb3 68.Rc2 Ra3 69.Rb2 Rd3 70.Rb1 Ra3 71.Rh1 Ra2
72.Rf1 Rb2 73.Kh1 Rb3 74.Kh2 Rb2 75.Ra4 Rc2 76.Kg2 Rb2 77.Ra5 Bg5 78.Rf5 Bh6
79.Kh1 Rb3 80.f3 Be3 81.Rh5 Bg5 82.Kg1 Rb4 83.Kg2 Ra4 84.Rh8 Rb4 85.Re8 Bh6
86.Re4 Rb3 87.f4 Rg3+ 88.Kh2 Ra3 89.Rf2 Rb3 90.Rc4 Rb5 91.Rc6 Kh7 92.Rf3 Rb4
93.f5 Bf4+ 94.Kg2 Be5 95.Rd3 Rf4 96.Rc8 Ra4 97.Re8 Ra2+ 98.Kf3 Ra4 99.Ke2 Ra2+
100.Kd1 Ra1+ 101.Kc2 Ra2+ 102.Kb3 Rf2 103.Kc4 Bg3 104.Rdd8 Kh6 105.Rh8+ Kg5
106.Rd4  1-0

[Event "Kamen Piskov mem 4"]
[Site "Ruse"]
[Date "1984.??.??"]
[Round "1"]
[White "Grigorov, Jordan N"]
[Black "Komljenovic, Davor"]
[Result "1-0"]
[WhiteElo "2410"]
[BlackElo "2395"]

1.e4 c5 2.Nf3 d6 3.d4 cxd4 4.Nxd4 Nf6 5.Nc3 a6 6.g3 g6 7.Bg2 Bg7 8.O-O O-O
9.h3 Nc6 10.Nde2 Bd7 11.a4 Qc8 12.Kh2 Qc7 13.Nd5 Nxd5 14.exd5 Na5 15.Ra2 e5
16.dxe6 fxe6 17.b3 Bc6 18.Nf4 Rae8 19.Ba3 Be5 20.Nd3 Bd4 21.Qg4 e5 22.h4 Rf6
23.Bc1 Qf7 24.Bg5 Rf5 25.Qe2 Bxg2 26.Kxg2 Nc6 27.c4 e4 28.Nf4 Bg7 29.Nd5 Nd4
30.Qd1 Rf3 31.b4 b5 32.axb5 axb5 33.Ne7+ Kf8 34.Ra6 Rd3 35.Qg4 Qf3+ 36.Qxf3+ exf3+
37.Kh3 bxc4 38.Rxd6 Nf5 39.Nxf5 gxf5 40.Rxd3 cxd3 41.Rd1 h6 42.Be3 Rd8 43.g4 Rd5
44.gxf5 Bc3 45.b5 Kg7 46.b6 d2 47.Kg4 Kf6 48.Bxh6 Rd4+ 49.Bf4 Rb4 50.Kxf3 Kxf5
51.Bxd2 Bxd2 52.Rxd2 Rb3+ 53.Kg2 Rxb6 54.Ra2 Rb3 55.f3 Rb1 56.Ra8 Rc1 57.Rf8+ Kg6
58.Kg3 Rc4 59.Rf4 Rc5 60.Kg4 Rc1 61.h5+ Kg7 62.Ra4 Rc5 63.f4 Rb5 64.Ra7+ Kh6
65.Ra6+ Kg7 66.Rg6+ Kf7 67.Rg5 Rb6 68.Ra5 Rb1 69.Kg5 Rd1 70.Kf5 Kg7 71.Ra6 Rh1
72.Rg6+ Kf7 73.Rf6+ Ke7 74.Rh6 Kf7 75.Rh7+ Kg8 76.Ra7 Rb1 77.Kg5 Rb5+ 78.f5 Rb6
79.Re7 Ra6 80.h6 Ra1 81.f6 Rh1 82.Kg6 Rg1+ 83.Kf5 Rh1 84.h7+ Kh8 85.f7 Rf1+
86.Ke6 Re1+ 87.Kd7 Rd1+ 88.Kc6 Rc1+ 89.Kd5 Rd1+  1-0

[Event "Kamen Piskov mem 4"]
[Site "Ruse"]
[Date "1984.??.??"]
[Round "4"]
[White "Grigorov, Jordan N"]
[Black "Armas, Iulius"]
[Result "1-0"]
[WhiteElo "2410"]
[BlackElo "2395"]

1.e4 c5 2.Nf3 d6 3.d4 Nf6 4.Nc3 cxd4 5.Nxd4 a6 6.g3 e5 7.Nde2 Be7 8.Bg2 Nbd7
9.a4 b6 10.h3 h5 11.O-O Bb7 12.Nd5 Nxd5 13.exd5 h4 14.g4 Bg5 15.f4 exf4 16.Nd4 Qf6
17.Nf3 Bh6 18.g5 Bxg5 19.Nxg5 Qxg5 20.Bxf4 Qg6 21.Re1+ Ne5 22.Bxe5 dxe5 23.Rxe5+ Kd7
24.Qe2 Rae8 25.Re1 Rxe5 26.Qxe5 Qf6 27.Qxf6 gxf6 28.Rf1 Rg8 29.c4 b5 30.axb5 axb5
31.b3 bxc4 32.bxc4 Rc8 33.Rf4 Ba6 34.Bf1 f5 35.Rxh4 Ke7 36.Kf2 Rb8 37.Ke3 Rb3+
38.Bd3 Rb2 39.Bxf5 Kf6 40.Bd3 Ra2 41.Kd4 Kg5 42.Rg4+ Kh5 43.Rf4  1-0

[Event "Kamen Piskov mem 4"]
[Site "Ruse"]
[Date "1984.??.??"]
[Round "6"]
[White "Grigorov, Jordan N"]
[Black "Orso, Miklos"]
[Result "1/2-1/2"]
[WhiteElo "2410"]
[BlackElo "2390"]

1.e4 c5 2.Nf3 d6 3.d4 cxd4 4.Nxd4 Nf6 5.Nc3 a6 6.g3 e6 7.Bg2 Be7 8.O-O Bd7
9.Re1 O-O 10.a4 Qc7 11.Be3 Nc6 12.Nxc6 Bxc6 13.a5 Nd7 14.Na4 Bxa4 15.Rxa4 b5
16.axb6 Nxb6 17.Ra2 Nc4 18.Bd4 a5 19.b3 Nb6 20.Qa1 e5 21.Be3 a4 22.bxa4 Nc4
23.Qc3 Rfc8 24.Bf1 Qa5 25.Qxa5 Rxa5 26.Bxc4 Rxc4 27.Rea1 Rxe4 28.Bd2 Ra6
29.a5 Rd4 30.Be1 Kf8 31.Rb1 Bd8 32.f3 Rd5 33.c4 Rc5 34.Ra4 Ke7 35.Rb5 Rc8
36.Kf1 Kd7 37.Ke2 Kc6 38.Kd3 h5 39.h3 g6 40.Ra2 Bc7 41.Kc3 f5 42.Kb3 Re8
43.Re2 Raa8 44.Bb4 g5 45.Rd5 g4 46.hxg4 hxg4 47.fxg4 fxg4 48.Red2 Re6 49.c5 Bxa5
50.cxd6 Bxb4 51.Kxb4 Kd7  1/2-1/2

[Event "BUL-ch"]
[Site "Sofia"]
[Date "1984.??.??"]
[Round "?"]
[White "Stefanov, Krasimir"]
[Black "Georgiev, Krum"]
[Result "1/2-1/2"]
[WhiteElo "2280"]
[BlackElo "2455"]

1.e4 c5 2.Nf3 d6 3.d4 cxd4 4.Nxd4 Nf6 5.Nc3 a6 6.g3 e6 7.Bg2 Be7 8.O-O O-O
9.g4 Nc6 10.g5 Nd7 11.h4 Nxd4 12.Qxd4 b5 13.Be3 Bb7 14.a4 Bc6 15.f4 e5 16.Qd2 exf4
17.Bxf4 bxa4 18.Nxa4 Ne5 19.Qd4 Rb8 20.b3 Qc8 21.Bxe5 dxe5 22.Qxe5 Bd8 23.Rad1 Bc7
24.Qf5 Bg3 25.h5 g6 26.Qf3 Qc7 27.Rd3 Be5 28.Nc3 Qe7 29.Qe3 Bc7 30.Qh3 Qxg5
31.Nd5 Be5 32.hxg6 hxg6 33.Rg3 Qd8 34.Qh6 Bg7 35.Qf4 a5 36.Nf6+ Bxf6 37.Qxf6 Qxf6
38.Rxf6 Bd7 39.Rd6 Be6 40.Rc3 Rfc8 41.Rdc6 Rd8 42.Bf1 Rd4 43.Bd3 a4 44.bxa4 Rxa4
45.Kf2 Kg7 46.Bc4  1/2-1/2

[Event "Thessaloniki ol (Women)"]
[Site "Thessaloniki"]
[Date "1984.??.??"]
[Round "6"]
[White "Khadilkar, Vasanti"]
[Black "Gocheva, Rumiana B"]
[Result "0-1"]
[WhiteElo "1970"]
[BlackElo "2115"]

1.e4 c5 2.Nf3 d6 3.d4 cxd4 4.Nxd4 Nf6 5.Nc3 a6 6.g3 e5 7.Nb3 Be7 8.Bg2 Qc7
9.O-O b5 10.a3 O-O 11.Kh1 Bb7 12.f4 exf4 13.Rxf4 Nbd7 14.Nd4 g6 15.Rf1 Ne5
16.Nd5 Nxd5 17.exd5 Qc4 18.Ne2 Rac8 19.c3 Bd8 20.Bh6 Re8 21.Rf4 Qd3 22.Nd4 Qxd1+
23.Rxd1 Nc4 24.Rf2 Bb6 25.Rdf1 f5 26.g4 Ne5 27.h3 fxg4 28.hxg4 Nxg4 29.Rf7 Nxh6
30.Rxb7 Bxd4 31.cxd4 Re3 32.Rb6 Nf5 33.Rf4 Rc1+ 34.Kh2 Rc2  0-1

[Event "Yerevan"]
[Site "Yerevan"]
[Date "1984.??.??"]
[Round "?"]
[White "Kholmov, Ratmir D"]
[Black "Novikov, Igor A"]
[Result "1/2-1/2"]
[WhiteElo "2465"]
[BlackElo "2420"]

1.e4 c5 2.Nf3 d6 3.d4 cxd4 4.Nxd4 Nf6 5.Nc3 a6 6.g3 e5 7.Nde2 Be7 8.Bg2 O-O
9.O-O b5 10.a3 Bb7 11.h3 Nbd7 12.g4 Nb6 13.Ng3 d5 14.exd5 Nfxd5 15.Re1 Qc7
16.Nxd5 Nxd5 17.Qe2 f6 18.Be4 Nb6 19.Be3 Nc4 20.Bxb7 Qxb7 21.c3 Rfd8 22.Rad1 Qc6
23.Bc1 Rxd1 24.Rxd1 Rd8 25.Rxd8+ Bxd8 26.Qd3 Be7 27.Kf1 g6 28.Ke2 Kf7 29.h4 Ke6
30.h5 Qd5 31.hxg6 Qxd3+ 32.Kxd3 hxg6 33.a4 f5 34.gxf5+ gxf5 35.axb5 axb5
36.f3 Bh4 37.Nf1 Na5 38.Kc2 Nc6 39.Kd3  1/2-1/2

[Event "WchT U26"]
[Site "Mendoza"]
[Date "1985.??.??"]
[Round "5"]
[White "Santo Roman, Marc"]
[Black "Darcyl, Tomas"]
[Result "0-1"]
[WhiteElo "2330"]
[BlackElo "2240"]

1.e4 c5 2.Nf3 d6 3.d4 cxd4 4.Nxd4 Nf6 5.Nc3 a6 6.g3 e5 7.Nde2 b5 8.a4 b4
9.Nd5 Nxd5 10.Qxd5 Ra7 11.Be3 Be6 12.Qd3 Ra8 13.f4 Qc7 14.b3 Be7 15.Bg2 a5
16.c4 Na6 17.O-O Nc5 18.Qc2 h5 19.Rad1 h4 20.Nc1 Bg4 21.Bf3 Bh3 22.Rf2 hxg3
23.hxg3 exf4 24.Bxf4 g5 25.e5 gxf4 26.exd6 Bxd6 27.Bxa8 fxg3 28.Re2+ Ne6
29.Bg2 Bc5+ 30.Kf1 Bxg2+ 31.Kxg2 Rh2+ 32.Kf1  0-1

[Event "URS-chI"]
[Site "Minsk"]
[Date "1985.??.??"]
[Round "7"]
[White "Kholmov, Ratmir D"]
[Black "Balashov, Yuri S"]
[Result "1/2-1/2"]
[WhiteElo "2440"]
[BlackElo "2510"]

1.e4 c5 2.Nf3 d6 3.d4 cxd4 4.Nxd4 Nf6 5.Nc3 a6 6.g3 e5 7.Nde2 Be7 8.Bg2 Nbd7
9.a4 Rb8 10.a5 b5 11.axb6 Qxb6 12.O-O Bb7 13.Na4 Qc7 14.Nec3 O-O 15.b3 Rfe8
16.Ba3 Bc6 17.Ra2 Bb5 18.Re1 Nf8 19.Bh3 Red8 20.Bb2 Bd7 21.Bxd7 Qxd7 22.Nd5 Nxd5
23.Qxd5 Ne6 24.Qd1 Qc6 25.Nc3 Rdc8 26.Nd5 Bd8 27.Re2 Qb7 28.h4 Bb6 29.Rd2 Rd8
30.Qe2 Ra8 31.Kh2 Bc5 32.f4 a5 33.fxe5 dxe5 34.Bxe5 Kh8 35.Ra4 Re8 36.Qg4 Bf8
37.Bc3 Qb5 38.Qe2 Qc5 39.Qc4 Rac8 40.Bxa5 Qxc4 41.Rxc4 Rxc4 42.bxc4 Nc5 43.Nc3 g6
44.Rd8 Rxd8 45.Bxd8 Bg7 46.Be7 Bxc3 47.Bxc5 Kg7 48.Ba3 Kf6 49.c5 Ke5 50.c6 Ba5
51.Kg2 h5 52.c4 Ke6 53.Bf8 Bc3 54.c7 Kd7 55.Bd6 Kc8 56.Kf3 Bd2 57.Ke2 Bc3
58.Ke3 Be1 59.Kf4 Bd2+ 60.Ke5 Bc3+ 61.Kd5 Kd7 62.Bf4 Ba5 63.c5 Bb4 64.e5 Ba3
65.c6+ Kc8 66.e6 fxe6+ 67.Kxe6 Bc5 68.g4 hxg4 69.Bg3 Bb6  1/2-1/2

[Event "URS-chI"]
[Site "Minsk"]
[Date "1985.??.??"]
[Round "13"]
[White "Kholmov, Ratmir D"]
[Black "Rashkovsky, Nukhim N"]
[Result "1/2-1/2"]
[WhiteElo "2440"]
[BlackElo "2410"]

1.e4 c5 2.Nf3 d6 3.d4 cxd4 4.Nxd4 Nf6 5.Nc3 a6 6.g3 e5 7.Nde2 Nbd7 8.a4 Be7
9.Bg2 Rb8 10.O-O O-O 11.Be3 b5 12.axb5 axb5 13.b4 Nb6 14.Qd3 Nc4 15.Ba7 Rb7
16.Nxb5 Be6 17.Nbc3 Qc7 18.Be3 Nxe3 19.Qxe3 Rxb4 20.Ra7 Rb7 21.Rfa1 Rfb8
22.Rxb7 Rxb7 23.Ra8+ Bd8 24.h3 Rb8 25.Rxb8 Qxb8 26.Qd3 Bb6 27.Nd1 Bc5 28.Nec3 h5
29.h4 Qb4 30.Bf1 g6 31.Be2 Bd4 32.Bf1 Bd7 33.Kg2 Bc6 34.f3 Ba7 35.Qd2 Kg7
36.Bd3 Bb6 37.Qe2 Qc5 38.Qf1 Ba5 39.Bc4 Bb6 40.Bb3 Qd4 41.Qf2 Qb4 42.Qe2 Qc5
43.Qf2 Qa5 44.Qe2 Ba7 45.Qd2 Bd4 46.Qd3 Be8 47.Ne2 Bc5 48.Ndc3 Qa1 49.Qd1 Qa3
50.Qd3 Bb6 51.Nd5 Nxd5 52.Qxd5 Bc5 53.Qd1 Qb4 54.Ng1 Qc3 55.Qe2 Bd7 56.Nh3 Qd4
57.Bc4 f5 58.Qd3 fxe4 59.fxe4 Qb2 60.Nf2 Bc6 61.Bd5 Be8 62.Bb3 Kf8 63.Qf3+ Ke7
64.Nd3 Qd4 65.Nxc5 Qxc5 66.Qf2 Qc3 67.Qa7+ Bd7 68.Ba4 Qd2+ 69.Kf1 Qd1+ 70.Kg2 Qe2+
71.Kg1 Qe1+ 72.Kh2 Qe2+ 73.Kg1 Qe1+ 74.Kh2  1/2-1/2

[Event "Moscow"]
[Site "Moscow"]
[Date "1985.??.??"]
[Round "?"]
[White "Rodriguez, Amador"]
[Black "Tukmakov, Vladimir B"]
[Result "0-1"]
[WhiteElo "2505"]
[BlackElo "2570"]

1.e4 c5 2.Nf3 d6 3.d4 cxd4 4.Nxd4 Nf6 5.Nc3 a6 6.g3 e5 7.Nb3 b5 8.Bg2 Nbd7
9.O-O Bb7 10.a4 b4 11.Nd5 Nxd5 12.exd5 a5 13.f4 Be7 14.Be3 O-O 15.f5 Nb6
16.Be4 Bg5 17.Bf2 f6 18.Qf3 Nc4 19.Ra2 Rb8 20.Rd1 Qc7 21.Qe2 Rfc8 22.Kg2 Qf7
23.Qf3 Rc7 24.Kg1 Bc8 25.Qe2 Bd7 26.Bd3 Rbc8 27.Nc1 e4 28.Bxe4 Re8 29.Qd3 Ne5
30.Qe2 Rc4 31.Nb3 Rxe4 32.Qxe4 Qh5 33.Rd3 Ng4 34.Qg2 Re2 35.Rf3 Rxf2 36.Rxf2 Be3
37.Kf1  0-1

[Event "Nikea op"]
[Site "Nikea"]
[Date "1985.??.??"]
[Round "?"]
[White "Lirindzakis, Timotheos"]
[Black "Qrnithpoulos"]
[Result "1-0"]
[WhiteElo "2330"]
[BlackElo "2200"]

1.e4 c5 2.Nf3 d6 3.d4 cxd4 4.Nxd4 Nf6 5.Nc3 a6 6.g3 e5 7.Nb3 Be7 8.Bg2 b5
9.a4 b4 10.Nd5 Nxd5 11.Qxd5 Ra7 12.Be3 Be6 13.Qd3 Rb7 14.a5 O-O 15.O-O Qc7
16.Nd2 Rb5 17.Bb6 Qb7 18.c4 bxc3 19.bxc3 Rc8 20.Rfb1 Rxb1+ 21.Rxb1 Qc6 22.Ba7 Nd7
23.Bf1 Bd8 24.Qxa6 Qxa6 25.Bxa6 Ra8 26.Rb7 Bxa5 27.Bc4 Nf8 28.Bxe6 Nxe6 29.Nc4 Bxc3
30.Nxd6 Bd4 31.Bxd4 exd4 32.Kg2 g6 33.Nxf7 d3 34.Nh6+ Kf8 35.Rd7 Nc5 36.Rd4 Ke7
37.Ng4 Ra4 38.Rxa4 Nxa4 39.Kf3 Nc3 40.Ke3 d2 41.Kxd2 Nxe4+ 42.Ke3 Nd6 43.Kf4 h5
44.Ne3 Kf6 45.Nd5+ Kg7 46.Nc3 Nf5 47.Ne4 Nd4 48.h4 Nc6 49.Nc5 Kf6 50.Nd7+ Kg7
51.Ke4 Ne7 52.Nb6 Nf5 53.Nd5 Nd6+ 54.Ke5 Nc4+ 55.Ke6 Nd2 56.Nf6 Nf3 57.Ne8+ Kh6
58.Kf6 Nh2 59.Kf7 Nf3 60.Nd6 Ne5+ 61.Ke6 Nf3 62.Kf6 Kh7 63.Nf7 Nh2 64.Ne5 Kh6
65.f3 Nf1 66.g4 hxg4 67.fxg4 Ne3 68.g5+ Kh5 69.Nxg6 Ng4+ 70.Kf7 Ne3 71.Kf6 Ng4+
72.Kf5 Ne3+ 73.Ke4 Ng2  1-0

[Event "JUG-ch"]
[Site "Novi Sad"]
[Date "1985.??.??"]
[Round "?"]
[White "Popovic, Petar"]
[Black "Jacimovic, Dragoljub"]
[Result "1-0"]
[WhiteElo "2540"]
[BlackElo "2285"]

1.e4 c5 2.Nf3 d6 3.d4 cxd4 4.Nxd4 Nf6 5.Nc3 a6 6.g3 e6 7.Bg2 Qc7 8.O-O Be7
9.g4 Nc6 10.g5 Nd7 11.Kh1 O-O 12.f4 Rd8 13.Be3 Nxd4 14.Bxd4 b5 15.f5 Ne5
16.f6 Bf8 17.fxg7 Bxg7 18.Qh5 Bb7 19.Rae1 b4 20.Ne2 Rf8 21.Nf4 Qxc2 22.Re3 Rac8
23.b3 Rc7 24.Re2 Qc6 25.Re3 Qc2 26.Re2 Qc6 27.Qh3 Qb5 28.Re3 Rc2 29.Nh5 Bh8
30.Rg3 Rxg2 31.Kxg2 Bxe4+ 32.Kf2 Ng4+ 33.Qxg4 Bxd4+ 34.Ke1 Qd5 35.Rf4 Bf5
36.Rxd4 Qe5+ 37.Re4 Qb2 38.Qe2 Qb1+ 39.Kf2 Bxe4 40.Nf6+ Kh8  1-0

[Event "JUG-ch"]
[Site "Novi Sad"]
[Date "1985.??.??"]
[Round "?"]
[White "Popovic, Petar"]
[Black "Cvitan, Ognjen"]
[Result "1-0"]
[WhiteElo "2540"]
[BlackElo "2465"]

1.e4 c5 2.Nf3 d6 3.d4 cxd4 4.Nxd4 Nf6 5.Nc3 a6 6.g3 e6 7.Bg2 Be7 8.O-O Qc7
9.g4 Nc6 10.g5 Nd7 11.Kh1 O-O 12.f4 Nxd4 13.Qxd4 b5 14.f5 Re8 15.Qf2 Ne5
16.a3 Bb7 17.Bf4 Bf8 18.Rad1 Bc6 19.Bxe5 dxe5 20.fxe6 fxe6 21.Rd3 b4 22.g6 hxg6
23.Rh3 g5 24.Nd5 Qb7 25.Qf3 Bb5 26.Qh5 Bxf1 27.Qh7+  1-0

[Event "NZD-ch"]
[Site "?"]
[Date "1985.??.??"]
[Round "?"]
[White "Lloyd, Adrian"]
[Black "Cornford, Lindsay H"]
[Result "1-0"]
[WhiteElo "2200"]
[BlackElo "2220"]

1.e4 c5 2.Nf3 a6 3.Nc3 d6 4.d4 cxd4 5.Nxd4 Nf6 6.g3 g6 7.Bg2 Bg7 8.O-O O-O
9.h3 Nc6 10.Nde2 Be6 11.Be3 Ne5 12.b3 Qc8 13.f4 Nc6 14.g4 Qc7 15.f5 Bc8 16.g5 Nd7
17.Nd5 Qd8 18.f6 exf6 19.gxf6 Bh8 20.Qd2 Re8 21.Nd4 Nde5 22.Nxc6 bxc6 23.Bb6 Qd7
24.Nc7 Rb8 25.Nxe8 Rxb6 26.Nxd6 Qd8 27.Rad1 Be6 28.Nc8 Nd7 29.Ne7+ Kf8 30.Qh6+ Ke8
31.e5 Rb4 32.Qxh7 Qb6+ 33.Kh1 Bxf6 34.exf6 Rb5 35.Nxg6  1-0

[Event "Prague zt"]
[Site "Prague"]
[Date "1985.??.??"]
[Round "6"]
[White "Mokry, Karel"]
[Black "Georgiev, Krum"]
[Result "1/2-1/2"]
[WhiteElo "2490"]
[BlackElo "2445"]

1.e4 c5 2.Nf3 d6 3.d4 cxd4 4.Nxd4 Nf6 5.Nc3 a6 6.g3 e6 7.Bg2 Be7 8.O-O O-O
9.a4 Nc6 10.Be3 Bd7 11.Qe2 Rc8 12.Nxc6 Bxc6 13.Rfd1 Qc7  1/2-1/2

[Event "Prague zt"]
[Site "Prague"]
[Date "1985.??.??"]
[Round "13"]
[White "Grigorov, Jordan N"]
[Black "Georgiev, Krum"]
[Result "1/2-1/2"]
[WhiteElo "2435"]
[BlackElo "2445"]

1.e4 c5 2.Nf3 d6 3.d4 cxd4 4.Nxd4 Nf6 5.Nc3 a6 6.g3 e6 7.Bg2 Be7 8.O-O O-O
9.Re1 Qc7 10.Be3 Nc6 11.Nxc6 bxc6 12.Na4 Rb8 13.c4 Nd7 14.Rc1 c5 15.b3 Bb7
16.Qd2  1/2-1/2

[Event "BUL-ch"]
[Site "Sofia"]
[Date "1985.??.??"]
[Round "11"]
[White "Grigorov, Jordan N"]
[Black "Tringov, Georgi P"]
[Result "1/2-1/2"]
[WhiteElo "2390"]
[BlackElo "2460"]

1.e4 c5 2.Nf3 d6 3.d4 cxd4 4.Nxd4 Nf6 5.Nc3 a6 6.g3 e6 7.Bg2 Be7 8.O-O O-O
9.a4 Qc7 10.a5 Nc6 11.Nb3 Nd7 12.Bf4 Nce5 13.Nd2 b5 14.axb6 Nxb6 15.Qe2  1/2-1/2

[Event "JUG-ch"]
[Site "Budva"]
[Date "1986.??.??"]
[Round "?"]
[White "Popovic, Petar"]
[Black "Cvitan, Ognjen"]
[Result "1-0"]
[WhiteElo "2540"]
[BlackElo "2495"]

1.e4 c5 2.Nf3 d6 3.d4 cxd4 4.Nxd4 Nf6 5.Nc3 a6 6.g3 e6 7.Bg2 Qc7 8.O-O Be7
9.Be3 Nbd7 10.f4 Nb6 11.Kh1 Nc4 12.Bc1 Rb8 13.b3 Na5 14.Bd2 O-O 15.Qe2 b5
16.e5 b4 17.Nf5 exf5 18.exf6 bxc3 19.Qxe7 Bd7 20.Bxc3 Qxc3 21.Qxd7 Qxf6 22.Rad1 Rfc8
23.Rxd6 Qb2 24.Qxf5  1-0

[Event "JUG-ch"]
[Site "Budva"]
[Date "1986.??.??"]
[Round "?"]
[White "Popovic, Petar"]
[Black "Barlov, Dragan"]
[Result "1/2-1/2"]
[WhiteElo "2540"]
[BlackElo "2550"]

1.e4 c5 2.Nf3 d6 3.d4 cxd4 4.Nxd4 Nf6 5.Nc3 a6 6.g3 e6 7.Bg2 Qc7 8.O-O Nc6
9.Re1 Nxd4 10.Qxd4 e5 11.Qd3 h6 12.a4 b6 13.Nd1 Be7 14.Ne3 O-O 15.b3 Rd8
16.a5 b5 17.c4 Bd7 18.Bd2 Rac8 19.Rec1 Qb7 20.Rab1 Bf8 21.Nc2 Bc6 22.f3 Nd7
23.Nb4 bxc4 24.bxc4 Nc5 25.Qa3 Rb8 26.Qa2 Qc7 27.Nd5 Bxd5 28.cxd5 Rxb1 29.Rxb1 Rb8
30.Bf1 Be7 31.h4 Rb7 32.Kg2 Bd8 33.Rxb7 Qxb7 34.Bc4 Bc7 35.Bc3 Bd8 36.Be1 Bc7
37.Qc2 Bd8 38.Bd2 Kf8 39.Be1 Kg8 40.Bc3 Qc7 41.Bb4 Nb7 42.Qe2 Nxa5 43.Bxa6 Qb6
44.Ba3 Nb3 45.h5 Nc5 46.Bc8 Qa5  1/2-1/2

[Event "Midwest Masters op"]
[Site "Chicago"]
[Date "1986.??.??"]
[Round "3"]
[White "Kaushansky, Leonid"]
[Black "Brooks, Michael A"]
[Result "1/2-1/2"]
[WhiteElo "2345"]
[BlackElo "2345"]

1.e4 c5 2.Nf3 d6 3.d4 cxd4 4.Nxd4 Nf6 5.Nc3 a6 6.g3 e5 7.Nb3 Be7 8.Bg2 Bg4
9.f3 Be6 10.O-O Nbd7 11.a4 h5 12.h3 h4 13.g4 Rc8 14.a5 b5 15.Be3 Bc4 16.Rf2 b4
17.Nd5 Nxd5 18.exd5 Bxb3 19.cxb3 Nc5 20.Rc2 Bg5 21.f4 Bxf4 22.Bxf4 exf4 23.Qe1+ Kf8
24.Qxb4 f3 25.Bxf3 Rb8 26.Qf4 Rxb3 27.Rf1 Qe7 28.Re2 Qc7 29.g5 Nd3 30.Qa4 Rb8
31.Qc6 Qd8 32.Bg4 g6 33.Rf6 Kg7 34.Qxd6 Qxd6 35.Rxd6 Rb5 36.Rd2 Nf4 37.Rxa6 Rd8
38.Ra7 Rdxd5 39.Rxd5 Rxd5 40.a6 Rxg5 41.Kf1 Ra5 42.b3 Ra1+  1/2-1/2

[Event "Lvov Int"]
[Site "Lvov"]
[Date "1986.??.??"]
[Round "?"]
[White "Grigorov, Jordan N"]
[Black "Szekely, Peter"]
[Result "1-0"]
[WhiteElo "2410"]
[BlackElo "2415"]

1.e4 c5 2.Nf3 d6 3.d4 cxd4 4.Nxd4 Nf6 5.Nc3 a6 6.g3 e5 7.Nde2 Be7 8.Bg2 Nbd7
9.O-O O-O 10.h3 b5 11.g4 b4 12.Nd5 Nxd5 13.exd5 a5 14.Ng3 Bg5 15.Bxg5 Qxg5
16.a3 Ba6 17.Re1 Qd8 18.axb4 axb4 19.Qd2 Qb6 20.Re4 Rfb8 21.Ra4 b3 22.Reb4 Qc7
23.Rxb3 Rxb3 24.cxb3 Nb6 25.Ra3 Bb7 26.Rxa8+ Bxa8 27.Nf5 g6 28.Ne3 Kg7 29.Qc3 Qa7
30.Kh2 h6 31.Kg3 Qb8 32.h4 Nd7 33.b4 Nf6 34.f4 Kh7 35.Kh3 Nd7 36.f5 Nf6 37.fxg6+ fxg6
38.h5 gxh5 39.Qc2+ e4 40.Bxe4+ Kg8 41.Bf5 hxg4+ 42.Nxg4 Nxg4 43.Bxg4 Qe8
44.Be6+ Kf8 45.Qf2+ Kg7 46.Qd4+ Kh7 47.Qd3+ Kg7 48.Qc3+ Kg6 49.Qg3+ Kf6 50.Qf4+ Kg7
51.Qxd6 Qh5+ 52.Kg3 Qg6+ 53.Kf4 Qg5+ 54.Ke4 Qg2+ 55.Kd3 Qf1+ 56.Kd4 Qf2+
57.Kc4 Qf1+ 58.Kc5 Qg1+ 59.Kb5 Qf1+ 60.Kb6 h5 61.Qe5+ Kg6 62.Bf5+  1-0